000 00809nam a22002177a 4500
999 _c370
_d370
003 AR-CdUCM
008 190223b ||||| |||| 00| 0 spa d
040 _aMUNICIPALIDAD PROVINCIAL DEL CUSCO
_cBIBLIOTECA MUNICIPAL DEL CUSCO
041 _hswe
082 _a890.13 /
_bSI584.
100 _aSillanpaa, Frans Eemil
_91493
245 _aNovelas Escogidas
260 _aEspaña :
_bAguilar ;
_c1957.
300 _a1250 páginas
_c18cm
440 _aBiblioteca Premios Novel
_91494
505 _aLa vida y el sol -- La vida ignorada -- A ras del suelo -- Silja (un breve destino de mujer) -- El camino del hombre -- Noches de Estío -- Belleza y miserias de la vida
650 _aLiteratura Universal
_9611
650 _aPremio Novel de literatura
_91495
942 _2ddc
_cLIBROS
945 _anom
_d2019-02-23